Ética

Exposición y enfrentamiento de las principales doctrinas éticas a lo largo de la historia de la filosofía, mismo movimiento en el que se va tejiendo una imagen sobre los fundamentos de la ética. Más que como un añadido de la condición humana o un ideal por alcanzar, en la primera parte se establece...

תיאור מלא

שמור ב:
מידע ביבליוגרפי
מחבר ראשי: Aranguren, José Luis L.
פורמט: ספר
שפה:Undetermined
יצא לאור: Madrid, España Alianza 1981
נושאים:
תגים: הוספת תג
אין תגיות, היה/י הראשונ/ה לתייג את הרשומה!

MARC

LEADER 00000nam a2200000Ia 4500
008 170316s9999 xx 000 0 und d
040 |a cru BVZT 
090 |a 100 A-32e 
100 |a Aranguren, José Luis L.  |9 933 
245 |a Ética  |c / José Luis L. Aranguren 
260 |a Madrid, España  |b Alianza  |c 1981 
300 |a 348 páginas 
520 |a Exposición y enfrentamiento de las principales doctrinas éticas a lo largo de la historia de la filosofía, mismo movimiento en el que se va tejiendo una imagen sobre los fundamentos de la ética. Más que como un añadido de la condición humana o un ideal por alcanzar, en la primera parte se establece la moral como una realidad propiamente constitutiva del ser humano, a partir de la exposición de los principios de la ética: etimológico, prefilosófico, genético histórico, etc. En la segunda parte se trabaja el objeto de la ética, tanto material como formal, siendo el carácter el primero y el bien moral el segundo 
650 |a FILOSOFÍA  |9 5 
650 |a ÉTICA  |9 104 
999 |c 15526  |d 15526 
942 |c 15 D  |h 100 A-32e  |2 z